Objective physics: (Record no. 161990)

MARC details
000 -LEADER
fixed length control field 01237nam a22002657a 4500
005 - DATE AND TIME OF LATEST TRANSACTION
control field 20190305161026.0
008 - FIXED-LENGTH DATA ELEMENTS--GENERAL INFORMATION
fixed length control field 190301b ||||| |||| 00| 0 eng d
010 ## - LCCN (DPL NO)
LC control number B-713156-157
020 ## - INTERNATIONAL STANDARD BOOK NUMBER
International Standard Book Number 9789312145975 Vol-1
Terms of availability 645.00
020 ## - INTERNATIONAL STANDARD BOOK NUMBER
International Standard Book Number 9789312145982 Vol-2
Terms of availability 645.00
035 ## - SYSTEM CONTROL NUMBER
System control number B-713156-157
037 ## - SOURCE OF ACQUISITION
Source of stock number/acquisition Aksharesh Enterprises
040 ## - CATALOGING SOURCE
Original cataloging agency dpl
Language of cataloging en
050 ## - LIBRARY OF CONGRESS CALL NUMBER
DPL Classification number 530
082 ## - DEWEY DECIMAL CLASSIFICATION NUMBER
Classification number 530
100 ## - MAIN ENTRY--PERSONAL NAME
Personal name Pandey, D.C.
245 ## - TITLE STATEMENT
Title Objective physics:
Remainder of title complete study pack for engineering entrances/
Statement of responsibility, etc by D.C. Pandey
260 ## - PUBLICATION, DISTRIBUTION, ETC. (IMPRINT)
Place of publication, distribution, etc Meerut
Name of publisher, distributor, etc Arihant Prakashan
Date of publication, distribution, etc 2017
270 ## - ADDRESS
Address Kalindi, T.P.Nagar,
City Meerut(UP)
Postal code 250002
Telephone number 0120 2401479, 2512970, 4004199
300 ## - PHYSICAL DESCRIPTION
Extent 2v(v1-840,30p; v2-709,34p)
Dimensions 26cm(pbk)
490 ## - SERIES STATEMENT
Series statement Arihant Prakashan (series)
500 ## - GENERAL NOTE
General note Useful for JEE main & Advanced, BITSAT, MHT-CET, Andhra Pradesh & Telegana States EAMCET, Karnataka CET, VIT, Kerala CEE, WB JEE &UP SEE etc.
942 ## - ADDED ENTRY ELEMENTS (KOHA)
Source of classification or shelving scheme Dewey Decimal Classification
Item type English Books
Classification part 530
Call number suffix PAN
Holdings
Withdrawn status Lost status Source of classification or shelving scheme Damaged status Not for loan Collection code Home library Current library Date acquired Source of acquisition Cost, normal purchase price Total Checkouts Full call number Barcode Date last seen Copy number Cost, replacement price Koha item type Total Renewals
    Dewey Decimal Classification     Non-fiction Patel Nagar Patel Nagar 01/03/2019 Aksharesh Enterprises/0004/06.02.2019/DPL/PN/RP/2018-19/1324/29.01.2019/11.02.2019 645.00   530 PAN B-713156 01/03/2019 1 645.00 English Books  
    Dewey Decimal Classification     Non-fiction Patel Nagar Patel Nagar 01/03/2019 Aksharesh Enterprises/0004/06.02.2019/DPL/PN/RP/2018-19/1324/29.01.2019/11.02.2019 645.00 7 530 PAN B-713157 03/05/2025 1 645.00 English Books 7

© Delhi Public Library
Hit Counter
free hit counter